Wes Craven Filmography - Statistics

General Stats
  • This quiz has been taken 21 times
  • The average score is 42 of 109
Answer Stats
Type Year Name % Correct
Film Director 1984 A Nightmare on Elm Street
94%
Film Screenplay 1984 A Nightmare on Elm Street
94%
Film Director 1996 Scream
88%
Film Cameo 1996 Scream
88%
Film Director 1997 Scream 2
88%
Film Cameo 1997 Scream 2
88%
Film Director 2011 Scream 4
88%
Film Production 2011 Scream 4
88%
TV Show Writer 2015-2019 Scream: The TV Series
88%
TV Show Production 2015-2019 Scream: The TV Series
88%
Film Director 2000 Scream 3
82%
Film Cameo 2000 Scream 3
82%
Film Director 1994 New Nightmare
76%
Film Screenplay 1994 New Nightmare
76%
Film Production 1994 New Nightmare
76%
Film Cameo 1994 New Nightmare
76%
Film Director 1977 The Hills Have Eyes
65%
Film Screenplay 1977 The Hills Have Eyes
65%
Film Editor 1977 The Hills Have Eyes
65%
Film Production 2006 The Hills Have Eyes
65%
Film Director 1972 The Last House on the Left
65%
Film Screenplay 1972 The Last House on the Left
65%
Film Editor 1972 The Last House on the Left
65%
Film Production 2009 The Last House on the Left
65%
Film Screenplay 1987 A Nightmare on Elm Street 3: Dream Warriors
59%
Film Story 1987 A Nightmare on Elm Street 3: Dream Warriors
59%
Film Production 1987 A Nightmare on Elm Street 3: Dream Warriors
59%
Film Director 2005 Cursed
53%
Film Director 1991 The People Under the Stairs
53%
Film Screenplay 1991 The People Under the Stairs
53%
Film Production 1991 The People Under the Stairs
53%
Film Director 2010 My Soul to Take
47%
Film Screenplay 2010 My Soul to Take
47%
Film Production 2010 My Soul to Take
47%
Film Cameo 2005 Red Eye
47%
Film Director 1984 The Hills Have Eyes Part II
47%
Film Screenplay 1984 The Hills Have Eyes Part II
47%
Film Director 1986 Deadly Friend
41%
Film Director 1989 Shocker
41%
Film Screenplay 1989 Shocker
41%
Film Production 1989 Shocker
41%
Film Cameo 1989 Shocker
41%
Film Director 1982 Swamp Thing
41%
Film Screenplay 1982 Swamp Thing
41%
Film Screenplay 2007 The Hills Have Eyes 2
41%
Film Production 2007 The Hills Have Eyes 2
41%
Film Director 1988 The Serpent and the Rainbow
41%
Film Director 1995 Vampire in Brooklyn
41%
Film Director 1999 Music of the Heart
35%
Film Director 1981 Deadly Blessing
29%
Film Screenplay 1981 Deadly Blessing
29%
Film Production 2000 Dracula 2000
29%
Film Production 1997 Wishmaster
29%
Film Production 1998 Carnival of Souls
24%
Film Cameo 2007 Diary of the Dead
24%
Film Production 2005 Feast
24%
Film Editor 1973 It Happened in Hollywood
24%
Film Cameo 1973 It Happened in Hollywood
24%
Film Production 1995 Mind Ripper
24%
Film Screenplay 2006 Pulse
24%
Film Production 2006 The Breed
24%
Film Director 1975 The Fireworks Woman
24%
Film Screenplay 1975 The Fireworks Woman
24%
Film Production 1975 The Fireworks Woman
24%
Film Editor 1975 The Fireworks Woman
24%
Film Cameo 1975 The Fireworks Woman
24%
Film Production 2015 The Girl in the Photographs
24%
Film Production 1971 Together
24%
Short Film Cameo 2005 Becoming a Werewolf
18%
TV Film Cameo 1993 Body Bags
18%
TV Show Cameo 2006 Boston Legal
18%
TV Show Cameo 2013 Castle
18%
TV Film Director 1985 Chiller
18%
TV Film Production 1998 Don't Look Down
18%
TV Film Production 1998 Hollyweird
18%
TV Film Director 1984 Invitation to Hell
18%
Film Cameo 2001 Jay and Silent Bob Strike Back
18%
TV Film Production 1981 Kent State
18%
TV Pilot Production 1993 Laurel Canyon
18%
TV Show Director 1992 Nightmare Cafe
18%
TV Show Creator 1992 Nightmare Cafe
18%
TV Show Writer 1992 Nightmare Cafe
18%
TV Film Production 1992 Nightmare Cafe
18%
TV Film Director 1990 Night Visions
18%
TV Film Screenplay 1990 Night Visions
18%
TV Film Production 1990 Night Visions
18%
Film Director 2006 Paris, I Love You
18%
Film Screenplay 2006 Paris, I Love You
18%
Film Cameo 2006 Paris, I Love You
18%
TV Film Cameo 1996 Shadow Zone: The Undead Express
18%
TV Show Cameo 2000 Stark Raving Mad
18%
TV Film Director 1978 Summer of Fear
18%
Film Cameo 1976 Sweet Cakes
18%
Film Cameo 2004 Tales from the Crapper
18%
Film Acting Role 1995 The Fear
18%
TV Show Director 1986 The Magical World of Disney
18%
TV Show Creator 1989 The People Next Door
18%
TV Show Writer 1989 The People Next Door
18%
TV Show Production 1989 The People Next Door
18%
TV Show Cameo 1985 The Twilight Zone
18%
TV Show Director 1985-1986 The Twilight Zone
18%
TV Film Production 2002 They Shoot Divas, Don't They?
18%
Film Cameo 1998 Welcome to Hollywood
18%
Film Editor 1975 Kitty Can't Help It
12%
Short Film Director 2002 Tales That'll Tear Your Heart Out
12%
Short Film Screenplay 2002 Tales That'll Tear Your Heart Out
12%
Film Editor 1971 You've Got to Walk It Like You Talk It or You'll Lose That Beat
12%
Film Director 2005 Red Eve
6%
Film Cinematography 1977 The Evolution of Snuff
6%
No matching quizzes found
Score Distribution
Percent of People with Each Score
Percentile by Number Answered
Your Score History
You have not taken this quiz